[Event "M.Botvinnik Memorial 2012"]
[Site "St. Petersburg, Russia"]
[Date "2012.08.27"]
[Round "3.37"]
[White "Kovalenko, Igor"]
[Black "Zimmermann, Ulrich"]
[Result "1-0"]
[WhiteElo "2586"]
[BlackElo "2219"]
[PlyCount "120"]
[EventDate "2012.08.25"]

1. d4 d5 2. c4 dxc4 3. e3 e5 4. Bxc4 exd4 5. exd4 Nf6 6. Nf3 Be7 7. O-O O-O 8.
h3 Nbd7 9. Nc3 Nb6 10. Bb3 c6 11. Re1 Nbd5 12. Bg5 Be6 13. Qd2 Re8 14. Rad1 Qc7
15. Rc1 Qd6 16. Bxf6 Bxf6 17. Ne4 Qf4 18. Bxd5 Qxd2 19. Nxf6+ gxf6 20. Nxd2
Bxd5 21. a3 Rad8 22. Re3 Re6 23. Kh2 Kf8 24. g4 Red6 25. Kg3 Be6 26. Nf3 Bd5
27. Ng1 Be6 28. Ne2 Rd5 29. f4 f5 30. Kh4 fxg4 31. hxg4 R5d6 32. f5 Bd5 33. Kg5
Kg7 34. Nf4 h6+ 35. Kh4 Ba2 36. Ne2 Bd5 37. Rc5 Kf8 38. Rcc3 Bg2 39. Kh5 Kg7
40. Re7 R8d7 41. Rce3 Rxe7 42. Rxe7 Bf1 43. Ng3 Bg2 44. Re2 Bf3 45. Rf2 Bd5 46.
Kh4 f6 47. Re2 Rd7 48. Nh5+ Kf7 49. Nf4 Bc4 50. Re4 Bb3 51. Kh5 Bc2 52. Re2
Rxd4 53. Ng6 Be4 54. Kxh6 c5 55. g5 fxg5 56. Kxg5 Kg8 57. Rh2 Rd1 58. Rh8+ Kg7
59. f6+ Kf7 60. Ne5+ Ke6 1-0

[Event "M.Botvinnik Memorial 2012"]
[Site "St. Petersburg, Russia"]
[Date "2012.08.27"]
[Round "3.38"]
[White "Tunik, Gennady"]
[Black "Balaian, Alina"]
[Result "1/2-1/2"]
[WhiteElo "2456"]
[BlackElo "2179"]
[PlyCount "109"]
[EventDate "2012.08.25"]

1. d4 Nf6 2. c4 g6 3. Nc3 Bg7 4. e4 d6 5. Nf3 O-O 6. Be2 e5 7. Be3 Ng4 8. Bg5
f6 9. Bh4 g5 10. Bg3 Nh6 11. h3 Nc6 12. d5 Ne7 13. Nd2 c5 14. a3 Ng6 15. f3 Nf4
16. Bf1 b6 17. Bf2 f5 18. g4 fxg4 19. hxg4 Qf6 20. Rh2 Nf7 21. Qc2 Bd7 22. Nd1
a6 23. Ne3 Nh8 24. Nf5 Nhg6 25. Rb1 Ne7 26. b4 Rab8 27. a4 a5 28. b5 Be8 29.
Be2 h5 30. Bd1 Bg6 31. Nf1 hxg4 32. fxg4 Kf7 33. Rb3 Rh8 34. Rg3 Rxh2 35. Nxh2
Rh8 36. Nf3 Bf8 37. Kd2 Ke8 38. Kc1 Kd7 39. Be1 Ng8 40. Bc3 Rh1 41. Rg1 Rh3 42.
Qd2 Qd8 43. Kb1 Nh6 44. Qe1 Bxf5 45. exf5 Bg7 46. Rg3 Rxg3 47. Qxg3 Qe7 48. Nd2
e4 49. Bxg7 Qxg7 50. Nxe4 Qd4 51. Bc2 Qxc4 52. Qh2 Qb4+ 53. Ka2 Qc4+ 54. Kb1
Qb4+ 55. Ka2 1/2-1/2

[Event "M.Botvinnik Memorial 2012"]
[Site "St. Petersburg, Russia"]
[Date "2012.08.27"]
[Round "3.39"]
[White "Gordievsky, Dmitry"]
[Black "Kiselev, Pavel"]
[Result "1/2-1/2"]
[WhiteElo "2437"]
[BlackElo "2179"]
[PlyCount "66"]
[EventDate "2012.08.25"]

1. d4 Nf6 2. c4 e6 3. Nf3 b6 4. Nc3 Bb4 5. Bg5 Bb7 6. e3 h6 7. Bh4 O-O 8. Bd3
d6 9. O-O Bxc3 10. bxc3 c5 11. Nd2 Nbd7 12. Qc2 Qc7 13. Rad1 Kh8 14. e4 e5 15.
d5 Nh5 16. Rfe1 Nf4 17. Bf1 g5 18. Bg3 Ng6 19. Rb1 Nf6 20. Rb2 Bc8 21. Reb1 h5
22. f3 g4 23. fxg4 h4 24. Be1 Nxg4 25. Nf3 f5 26. exf5 Bxf5 27. Bd3 Bxd3 28.
Qxd3 Nf4 29. Qe4 Nf6 30. Qe3 Ng4 31. Qe4 Nf6 32. Qe3 Ng4 33. Qe4 Nf6 1/2-1/2

[Event "M.Botvinnik Memorial 2012"]
[Site "St. Petersburg, Russia"]
[Date "2012.08.27"]
[Round "3.40"]
[White "Gladkov, Kirill"]
[Black "Arslanov, Shamil"]
[Result "1-0"]
[WhiteElo "2158"]
[BlackElo "2416"]
[PlyCount "79"]
[EventDate "2012.08.25"]

1. d4 d5 2. c4 e6 3. Nf3 c6 4. Nc3 Nf6 5. g3 dxc4 6. Bg2 Nbd7 7. a4 Bb4 8. O-O
O-O 9. Qc2 a5 10. Na2 Nb6 11. Nxb4 axb4 12. Bd2 b3 13. Qc1 Ne4 14. Bb4 Re8 15.
a5 Nd5 16. Qxc4 Nxb4 17. Qxb4 Qc7 18. Ne5 Nd6 19. Rfc1 Ra6 20. Nd3 Bd7 21. Nc5
Ra7 22. Nxb3 Rea8 23. Qc5 Qb8 24. Qe5 Be8 25. Nd2 f6 26. Qxe6+ Bf7 27. Qe3 Rxa5
28. Rxa5 Rxa5 29. Qc3 Qa7 30. e3 Ra2 31. Bf1 Qb6 32. b3 Nb5 33. Qd3 Qa5 34. Nc4
Qb4 35. Qf5 Ra8 36. Bd3 Bg6 37. Qe6+ Kf8 38. Nb6 Bf7 39. Nd7+ Kg8 40. Bxh7+ 1-0

[Event "M.Botvinnik Memorial 2012"]
[Site "St. Petersburg, Russia"]
[Date "2012.08.27"]
[Round "3.41"]
[White "Ljubarov, Mark"]
[Black "Bodnaruk, Anastasia"]
[Result "0-1"]
[WhiteElo "2158"]
[BlackElo "2414"]
[PlyCount "52"]
[EventDate "2012.08.25"]

1. e4 c5 2. Nf3 d6 3. c3 Nf6 4. Be2 g6 5. O-O Bg7 6. Re1 O-O 7. Bf1 e5 8. h3
Re8 9. d3 Nc6 10. Nbd2 d5 11. a3 b6 12. b4 d4 13. Bb2 Bf8 14. cxd4 cxd4 15. Rc1
Bd7 16. Qb3 b5 17. Ng5 Qe7 18. f4 Nh5 19. Ndf3 Nxf4 20. Rxc6 Bxc6 21. Nxe5
Nxh3+ 22. Kh1 Nxg5 23. Nxc6 Qd6 24. Nxd4 Qg3 25. Qc3 Bg7 26. Rb1 Be5 0-1

[Event "M.Botvinnik Memorial 2012"]
[Site "St. Petersburg, Russia"]
[Date "2012.08.27"]
[Round "3.42"]
[White "Iljiushenok, Ilia"]
[Black "Lagashin, Pavel"]
[Result "1-0"]
[WhiteElo "2413"]
[BlackElo "2175"]
[PlyCount "73"]
[EventDate "2012.08.25"]

1. e4 c5 2. Nf3 e6 3. d4 cxd4 4. Nxd4 Nc6 5. Nc3 Nf6 6. Ndb5 d6 7. Bf4 e5 8.
Bg5 a6 9. Na3 b5 10. Nd5 Be7 11. Bxf6 Bxf6 12. c4 b4 13. Nc2 O-O 14. g3 Bg5 15.
Bg2 Be6 16. O-O a5 17. b3 Ne7 18. a3 Bxd5 19. exd5 Qb6 20. Qe1 a4 21. Qxb4 Qxb4
22. axb4 axb3 23. Ne3 Rxa1 24. Rxa1 f5 25. c5 f4 26. Nc4 f3 27. Bh3 e4 28. c6
Bf6 29. Rb1 Ra8 30. b5 b2 31. b6 Ra1 32. Nd2 Bd4 33. b7 Ba7 34. c7 Kf7 35. c8=Q
e3 36. Qe6+ Kf8 37. fxe3 1-0

[Event "M.Botvinnik Memorial 2012"]
[Site "St. Petersburg, Russia"]
[Date "2012.08.27"]
[Round "3.43"]
[White "Ustinov, Alexey"]
[Black "Aitbayev, Aslan"]
[Result "0-1"]
[WhiteElo "2155"]
[BlackElo "2411"]
[PlyCount "46"]
[EventDate "2012.08.25"]

1. c4 g6 2. g3 Bg7 3. Bg2 d6 4. d4 Nf6 5. Nc3 O-O 6. Nf3 c6 7. O-O Qa5 8. h3
Be6 9. Qd3 Qa6 10. b3 d5 11. Ne5 Rd8 12. c5 Qxd3 13. exd3 Nfd7 14. f4 Na6 15.
a3 Nxe5 16. fxe5 f6 17. exf6 Bxf6 18. Ne2 Bf5 19. Be3 Bxd3 20. Ra2 Nc7 21. Rd2
Bxe2 22. Rxe2 Nb5 23. Kh2 Re8 0-1

[Event "M.Botvinnik Memorial 2012"]
[Site "St. Petersburg, Russia"]
[Date "2012.08.27"]
[Round "3.44"]
[White "Akkozov, Berik"]
[Black "Pischikov, Vadim"]
[Result "1/2-1/2"]
[WhiteElo "2401"]
[BlackElo "2158"]
[PlyCount "117"]
[EventDate "2012.08.25"]

1. c4 e5 2. Nc3 Bb4 3. Nf3 Bxc3 4. dxc3 e4 5. Nd4 d6 6. g3 Ne7 7. Bg2 f5 8.
Qa4+ Nbc6 9. b4 O-O 10. Qb3 Kh8 11. Bg5 h6 12. Nxc6 bxc6 13. Be3 Ng6 14. c5 Qe7
15. cxd6 cxd6 16. Qc4 Ne5 17. Qd4 Ba6 18. Rd1 Rfd8 19. h4 Bc4 20. Qd2 Qe6 21.
Ra1 Bd5 22. Bh3 Nc4 23. Qc1 Nxe3 24. Qxe3 a5 25. a3 Qf6 26. O-O g5 27. hxg5
hxg5 28. Rfd1 Kg7 29. Qd4 axb4 30. cxb4 Bb3 31. Qxf6+ Kxf6 32. Rdc1 Ba4 33. e3
Ke5 34. Rc3 Rh8 35. Bg2 Rh7 36. Re1 Bb5 37. f3 exf3 38. Bxf3 d5 39. g4 fxg4 40.
Bxg4 Rha7 41. e4 Kd4 42. Rcc1 dxe4 43. Bf5 Bd3 44. Rxc6 Rxa3 45. Rd6+ Ke5 46.
Rxd3 Kxf5 47. Rxa3 Rxa3 48. Rb1 Ra6 49. b5 Rb6 50. Kf2 Kf4 51. Rb4 g4 52. Rb3
Rd6 53. b6 g3+ 54. Kf1 Rd1+ 55. Kg2 Rd8 56. b7 Rb8 57. Rb4 Ke3 58. Kxg3 Kd3 59.
Kf2 1/2-1/2

[Event "M.Botvinnik Memorial 2012"]
[Site "St. Petersburg, Russia"]
[Date "2012.08.27"]
[Round "3.45"]
[White "Schroer, Marcel"]
[Black "Romanko, Marina"]
[Result "1/2-1/2"]
[WhiteElo "2143"]
[BlackElo "2399"]
[PlyCount "124"]
[EventDate "2012.08.25"]

1. d4 d5 2. Nf3 Nf6 3. c4 c6 4. cxd5 cxd5 5. Bf4 Nc6 6. Nc3 a6 7. Rc1 e6 8. e3
Bd6 9. Bxd6 Qxd6 10. Bd3 O-O 11. O-O b5 12. Nd2 e5 13. dxe5 Nxe5 14. Be2 Neg4
15. Nf3 b4 16. Nb1 Ne4 17. Qd4 Ngf6 18. Qe5 Qd7 19. Nd4 h6 20. Qc7 Qxc7 21.
Rxc7 Bd7 22. Rfc1 a5 23. f3 Nd6 24. Kf2 Rfd8 25. g4 Kf8 26. Nd2 a4 27. Bd3 a3
28. b3 Rab8 29. Nf1 Rb6 30. Ng3 g6 31. h4 Ng8 32. Nge2 Ne7 33. Nf4 Nb7 34. Be2
Ke8 35. Nd3 Nd6 36. Ne5 f6 37. Nxd7 Rxd7 38. Bd3 Rb7 39. R7c5 Kf7 40. Ke2 f5
41. gxf5 Ndxf5 42. Bxf5 gxf5 43. h5 Kf6 44. Kd3 Rd6 45. Rc7 Rdb6 46. Rxb7 Rxb7
47. Ne2 Ke5 48. Nf4 Kd6 49. Ne2 Nc6 50. Nf4 Rg7 51. Ng6 Na7 52. Rh1 Nb5 53. Rh4
Kc5 54. Rh2 Nc3 55. Rc2 Kd6 56. Rh2 Rg8 57. Rc2 Rg7 58. Rh2 Kc5 59. Rc2 Rg8 60.
Rh2 Rd8 61. Nf4 Rg8 62. Ng6 Rg7 1/2-1/2

[Event "M.Botvinnik Memorial 2012"]
[Site "St. Petersburg, Russia"]
[Date "2012.08.27"]
[Round "3.45"]
[White "Ponfilenok, Vladimir"]
[Black "Kukhmazov, Arsen"]
[Result "1-0"]
[WhiteElo "2392"]
[BlackElo "2154"]
[PlyCount "239"]
[EventDate "2012.08.25"]

1. d4 Nf6 2. Nf3 d5 3. c4 c6 4. e3 Bf5 5. Nc3 e6 6. Nh4 Be4 7. f3 Bg6 8. Qb3
Qc7 9. Bd2 Be7 10. g3 dxc4 11. Bxc4 b5 12. Be2 a6 13. e4 c5 14. dxc5 Nbd7 15.
O-O Nxc5 16. Qc2 O-O 17. Nxg6 hxg6 18. Kg2 Rfd8 19. Rfd1 Ncxe4 20. fxe4 b4 21.
Qa4 bxc3 22. Bxc3 Qb7 23. Bf3 Qb5 24. Qxb5 axb5 25. a3 Rac8 26. Rac1 Nd7 27.
Be2 Bg5 28. Rb1 Nc5 29. Rxd8+ Bxd8 30. Kf3 Rb8 31. Be5 Rb7 32. Rc1 Be7 33. Bd4
Nb3 34. Rc8+ Kh7 35. Be3 Bf6 36. Bd1 Nd4+ 37. Kf2 g5 38. Rc5 e5 39. Bg4 b4 40.
a4 b3 41. Bd2 Ra7 42. a5 Bd8 43. Bc8 f6 44. Ke3 Be7 45. Rc4 Nb5 46. Bg4 Ba3 47.
Bd1 Bxb2 48. Bxb3 Bd4+ 49. Kf3 Nd6 50. Rc6 g4+ 51. Kxg4 Nxe4 52. Be1 Nc5 53.
Bc2+ Kg8 54. Bb4 Nd7 55. Bg6 Ra8 56. Rc7 Nf8 57. Be4 Rd8 58. Be7 Rd7 59. Rxd7
Nxd7 60. Bd5+ Kh7 61. Bd8 Kg6 62. Be4+ Kf7 63. Bd5+ Kg6 64. Be6 Nc5 65. Bc8 Na4
66. Bd7 Nc5 67. Be8+ Kh6 68. Bb6 g6 69. Kf3 Kg5 70. h4+ Kh5 71. Bb5 g5 72. Be8+
Kh6 73. hxg5+ Kxg5 74. Bb5 f5 75. Bd8+ Kg6 76. Be8+ Kg7 77. Kg2 Nb3 78. Ba4 Nc5
79. Bb5 Kg6 80. Be8+ Kh6 81. Bb6 Kg5 82. Kh3 Be3 83. a6 Nxa6 84. Bxe3+ f4 85.
Bd2 Nc7 86. Bd7 Nd5 87. Kg2 Nf6 88. Bc6 Nh5 89. gxf4+ Nxf4+ 90. Kf3 Kf6 91. Ke4
Ne6 92. Be1 Ng5+ 93. Kd5 Nf7 94. Bd7 Ke7 95. Bg4 Kf6 96. Bh4+ Kg6 97. Ke6 Ng5+
98. Kxe5 Nf7+ 99. Kf4 Nd6 100. Bd7 Kf7 101. Ke5 Nc4+ 102. Kf4 Nd6 103. Bg4 Nc4
104. Be2 Nb6 105. Ke5 Nd7+ 106. Kf5 Nc5 107. Bh5+ Kg7 108. Be8 Kf8 109. Bc6 Kf7
110. Bf2 Nd3 111. Bd4 Nb4 112. Bb5 Nc2 113. Bc5 Ne1 114. Kf4 Ke6 115. Bc4+ Kd7
116. Bb5+ Ke6 117. Ke4 Kf6 118. Bf2 Nc2 119. Kd3 Na3 120. Ba6 1-0

[Event "M.Botvinnik Memorial 2012"]
[Site "St. Petersburg, Russia"]
[Date "2012.08.27"]
[Round "3.47"]
[White "Aminov, Andrey"]
[Black "Rozhko, Dmitry"]
[Result "1/2-1/2"]
[WhiteElo "2142"]
[BlackElo "2388"]
[PlyCount "103"]
[EventDate "2012.08.25"]

1. e4 e6 2. Qe2 b6 3. Nf3 g6 4. g3 Bg7 5. Bg2 Ne7 6. O-O Bb7 7. Re1 O-O 8. d3
d6 9. c3 Nd7 10. d4 a5 11. Nbd2 e5 12. Nf1 h6 13. dxe5 dxe5 14. Rd1 Qe8 15. h3
Nc5 16. Nh4 Qa4 17. Be3 Nxe4 18. Nd2 Nd6 19. b3 Qe8 20. Nc4 Bxg2 21. Nxd6 cxd6
22. Nxg2 Qc6 23. c4 d5 24. cxd5 Nxd5 25. Rac1 Nc3 26. Qe1 e4 27. Bxh6 Bxh6 28.
Rxc3 Qe6 29. Rc4 Rfe8 30. Rdd4 b5 31. Rc2 a4 32. bxa4 Rxa4 33. Rxa4 bxa4 34. h4
Qd5 35. Re2 Rc8 36. Kh2 Rc1 37. Qb4 Rc4 38. Qb8+ Kh7 39. Qe8 Qf5 40. Rb2 Qe6
41. Qxe6 fxe6 42. Rb7+ Kg8 43. Ra7 Bc1 44. a3 Bxa3 45. Ne3 Rd4 46. Nc2 Rd3 47.
Rxa4 Bc5 48. Rxe4 Bxf2 49. Rxe6 Bxg3+ 50. Kg2 Bd6 51. Rxg6+ Kf7 52. h5 1/2-1/2

[Event "M.Botvinnik Memorial 2012"]
[Site "St. Petersburg, Russia"]
[Date "2012.08.27"]
[Round "3.48"]
[White "Zavoronkov, Vladimir"]
[Black "Pogosian, Vladimir"]
[Result "1-0"]
[WhiteElo "2384"]
[BlackElo "2150"]
[PlyCount "77"]
[EventDate "2012.08.25"]

1. e4 c5 2. Nf3 d6 3. d4 cxd4 4. Nxd4 Nf6 5. f3 e5 6. Bb5+ Nbd7 7. Nf5 d5 8.
exd5 a6 9. Bxd7+ Bxd7 10. Ne3 Bc5 11. c4 b5 12. Nc3 Qb6 13. Qe2 O-O 14. Ne4 Nh5
15. Nxc5 Qxc5 16. O-O Nf4 17. Qc2 bxc4 18. Qxc4 Qa7 19. Rf2 Rfc8 20. Qe4 f5 21.
Nxf5 Bxf5 22. Qxf5 Ne2+ 23. Kf1 Nxc1 24. Rc2 Rxc2 25. Qxc2 Nxa2 26. Rxa2 Qd4
27. Qb3 e4 28. Ra4 Qd2 29. Rxe4 Rd8 30. d6+ Kh8 31. Qe3 Qd1+ 32. Qe1 Qd3+ 33.
Qe2 Qxe2+ 34. Kxe2 Kg8 35. Rd4 Rd7 36. Kd3 Kf7 37. Kc4 Ke8 38. Kc5 Rb7 39. Rb4
1-0

[Event "M.Botvinnik Memorial 2012"]
[Site "St. Petersburg, Russia"]
[Date "2012.08.27"]
[Round "3.49"]
[White "Solovjov, Sergey I"]
[Black "Eryshkanova, Anastasiya"]
[Result "1-0"]
[WhiteElo "2365"]
[BlackElo "2142"]
[PlyCount "71"]
[EventDate "2012.08.25"]

1. e4 c6 2. d4 d5 3. f3 g6 4. Nc3 Bg7 5. Be3 dxe4 6. fxe4 Nh6 7. Nf3 Ng4 8. Bg5
f6 9. Bf4 e5 10. dxe5 Qb6 11. Qd2 fxe5 12. Bg5 h6 13. Bh4 Qe3+ 14. Be2 Qxd2+
15. Kxd2 Be6 16. Rad1 Nd7 17. Kc1 g5 18. Rd6 Ke7 19. Rxe6+ Kxe6 20. Nxg5+ hxg5
21. Bxg4+ Ke7 22. Bxg5+ Bf6 23. Be3 Rhg8 24. Bf3 b6 25. Nd1 Bg5 26. Bxg5+ Rxg5
27. Ne3 Nf6 28. h4 Rgg8 29. g4 Nh7 30. Rg1 Ke6 31. g5 Nf6 32. Nf5 c5 33. Rf1
Nh7 34. Bg4 Nxg5 35. Nh6+ Kd6 36. Nxg8 1-0

[Event "M.Botvinnik Memorial 2012"]
[Site "St. Petersburg, Russia"]
[Date "2012.08.27"]
[Round "3.50"]
[White "Krivenko, Sergey"]
[Black "Andronov, Mikhail G"]
[Result "1-0"]
[WhiteElo "2347"]
[BlackElo "2139"]
[PlyCount "93"]
[EventDate "2012.08.25"]

1. Nf3 c5 2. c4 Nf6 3. g3 b6 4. Bg2 Bb7 5. Nc3 e6 6. O-O Be7 7. Re1 d6 8. e4
Nbd7 9. d4 cxd4 10. Nxd4 Qc8 11. Be3 a6 12. Rc1 O-O 13. h3 Re8 14. f4 Bf8 15.
Bf2 Qc7 16. g4 h6 17. Nd5 Qd8 18. Nxf6+ Qxf6 19. e5 dxe5 20. fxe5 Nxe5 21. Bxb7
Rad8 22. Qe2 Ng6 23. Bc6 Re7 24. Qf3 Nf4 25. Ne2 Nd3 26. Qxf6 gxf6 27. Rcd1 Rd6
28. Be4 Nxf2 29. Kxf2 Rc7 30. Rxd6 Bxd6 31. Rd1 Be5 32. b3 b5 33. Rd8+ Kg7 34.
Bd3 bxc4 35. Bxc4 a5 36. Ra8 Rc5 37. Ng3 f5 38. gxf5 exf5 39. Nxf5+ Kg6 40.
Ne7+ Kg5 41. Rg8+ Kf6 42. Nd5+ Kf5 43. Kf3 Bb2 44. a4 h5 45. h4 f6 46. Rh8 Kg6
47. Nf4+ 1-0

[Event "M.Botvinnik Memorial 2012"]
[Site "St. Petersburg, Russia"]
[Date "2012.08.27"]
[Round "3.51"]
[White "Biriukov, Oleg V"]
[Black "Zizlova, Sofia"]
[Result "1-0"]
[WhiteElo "2332"]
[BlackElo "2135"]
[PlyCount "71"]
[EventDate "2012.08.25"]

1. d4 Nf6 2. c4 c5 3. d5 e6 4. Nc3 exd5 5. cxd5 d6 6. Nf3 g6 7. Bf4 a6 8. a4
Bg7 9. h3 O-O 10. e3 Re8 11. Nd2 Qc7 12. Nc4 Bf8 13. Be2 Ne4 14. O-O Nd7 15.
Bf3 Nxc3 16. bxc3 Rb8 17. a5 b5 18. axb6 Nxb6 19. Na5 Bg7 20. Qc2 Bf5 21. e4
Bd7 22. Ra3 Be5 23. Bxe5 Rxe5 24. Bg4 Rbe8 25. Bxd7 Qxd7 26. f3 Ra8 27. c4 Ree8
28. Rb1 Qc7 29. Nc6 Nd7 30. Rab3 a5 31. Rb7 Qc8 32. Qa4 Ne5 33. Ne7+ Rxe7 34.
Rxe7 Qd8 35. Rbb7 Kf8 36. f4 1-0

[Event "M.Botvinnik Memorial 2012"]
[Site "St. Petersburg, Russia"]
[Date "2012.08.27"]
[Round "3.52"]
[White "Donskov, Anatoly"]
[Black "Kuzmin, Egor"]
[Result "1/2-1/2"]
[WhiteElo "2328"]
[BlackElo "2134"]
[PlyCount "81"]
[EventDate "2012.08.25"]

1. e4 e5 2. Nf3 Nf6 3. Nxe5 d6 4. Nf3 Nxe4 5. Nc3 Nxc3 6. dxc3 Be7 7. Bf4 Nc6
8. Qd2 Be6 9. O-O-O Qd7 10. Kb1 a6 11. h4 h6 12. Be2 Bf6 13. Nd4 Nxd4 14. cxd4
O-O-O 15. Qa5 Rde8 16. Bf3 Bg4 17. Qd5 Bxf3 18. Qxf3 Qf5 19. g4 Qe4 20. Qg3 g5
21. hxg5 hxg5 22. Rxh8 Rxh8 23. Bc1 Qe2 24. Qg1 Rh4 25. f3 Qxf3 26. Rf1 Bxd4
27. Rxf3 Bxg1 28. Rxf7 Rxg4 29. Rg7 Bd4 30. Rxg5 Rxg5 31. Bxg5 d5 32. c3 Be5
33. Kc2 Kd7 34. Kd3 Ke6 35. b3 a5 36. c4 d4 37. a3 Kd6 38. Ke4 Bh2 39. Bd2 Bg1
40. Bxa5 Be3 41. Kd3 1/2-1/2

[Event "M.Botvinnik Memorial 2012"]
[Site "St. Petersburg, Russia"]
[Date "2012.08.27"]
[Round "3.53"]
[White "Khatoev, Eduard"]
[Black "Larin, Maxim"]
[Result "1-0"]
[WhiteElo "2322"]
[BlackElo "2131"]
[PlyCount "61"]
[EventDate "2012.08.25"]

1. Nf3 g6 2. c4 Bg7 3. d4 Nf6 4. Nc3 c5 5. e4 O-O 6. Be2 d6 7. O-O Nc6 8. d5
Na5 9. Bf4 Bg4 10. Nd2 Bxe2 11. Qxe2 e6 12. h3 Nh5 13. Be3 exd5 14. cxd5 Qf6
15. Qb5 Qd8 16. Rac1 a6 17. Qe2 Qf6 18. a3 b5 19. b4 cxb4 20. axb4 Rac8 21.
Nxb5 axb5 22. bxa5 Nf4 23. Qf3 Nd3 24. Qxf6 Bxf6 25. Rxc8 Rxc8 26. Rb1 Bb2 27.
a6 b4 28. a7 Bc1 29. Rb3 Ne5 30. Rxb4 Nd7 31. Rb7 1-0

[Event "M.Botvinnik Memorial 2012"]
[Site "St. Petersburg, Russia"]
[Date "2012.08.27"]
[Round "3.54"]
[White "Barhudarian, Rafael"]
[Black "Gorjunov, Sergey"]
[Result "1-0"]
[WhiteElo "2320"]
[BlackElo "2128"]
[PlyCount "111"]
[EventDate "2012.08.25"]

1. d4 e6 2. Nc3 d5 3. Nf3 Nf6 4. Bg5 Nbd7 5. e4 dxe4 6. Nxe4 Be7 7. Nxf6+ Nxf6
8. Bd3 c5 9. dxc5 Qa5+ 10. c3 Qxc5 11. O-O Bd7 12. Qe2 h6 13. Bf4 Qh5 14. a4 a6
15. Rfd1 Bc6 16. Nd4 Qxe2 17. Bxe2 Be4 18. a5 Nd7 19. Bf3 Bxf3 20. Nxf3 g5 21.
Be3 O-O-O 22. b4 Bf6 23. Bd4 e5 24. Be3 Nb8 25. Nd2 Rd3 26. Bb6 Nc6 27. Ne4
Rxd1+ 28. Rxd1 Be7 29. Nd6+ Bxd6 30. Rxd6 h5 31. Kf1 Rg8 32. Ke2 Rg6 33. Rxg6
fxg6 34. Ke3 Kd7 35. Ke4 Ke6 36. Bc7 g4 37. Bb6 Kd6 38. h4 gxh3 39. gxh3 g5 40.
f3 Ke6 41. Bc7 h4 42. Bb6 Ne7 43. Bd8 Nd5 44. Bxg5 Nxc3+ 45. Kd3 Nd5 46. Kc4
Kd6 47. b5 axb5+ 48. Kxb5 Kc7 49. Kc5 Nc3 50. Bxh4 Ne2 51. Bf6 Ng1 52. h4 Nxf3
53. h5 e4 54. h6 e3 55. h7 e2 56. h8=Q 1-0

[Event "M.Botvinnik Memorial 2012"]
[Site "St. Petersburg, Russia"]
[Date "2012.08.27"]
[Round "3.55"]
[White "Shushpanov, Vladimir"]
[Black "Tkachev, Ivan"]
[Result "1-0"]
[WhiteElo "2318"]
[BlackElo "2117"]
[PlyCount "113"]
[EventDate "2012.08.25"]

1. c4 e6 2. Nf3 Nf6 3. g3 d5 4. Bg2 c5 5. cxd5 Nxd5 6. O-O Nc6 7. d4 Nc7 8.
dxc5 Qxd1 9. Rxd1 Bxc5 10. Nc3 e5 11. Nd5 Bd6 12. Be3 Nxd5 13. Rxd5 Bc7 14. Ng5
O-O 15. Ne4 Be6 16. Rb5 Nd4 17. Bxd4 exd4 18. Rxb7 Bb6 19. a4 Rab8 20. Rxb8
Rxb8 21. b4 Bc4 22. Bf3 Bd8 23. b5 Bd5 24. Rd1 Bxe4 25. Bxe4 Bb6 26. Rc1 Kf8
27. Kf1 g6 28. Ke1 f5 29. Bc6 Ke7 30. Kd2 Kd6 31. Kd3 g5 32. Bg2 Bc5 33. Rb1 a5
34. Rh1 Rc8 35. h4 g4 36. h5 h6 37. Rc1 Rc7 38. Rc2 Ke5 39. Rc4 Bb6 40. Rxc7
Bxc7 41. f4+ gxf3 42. exf3 Bb6 43. f4+ Kd6 44. Bh3 Ke6 45. Kc4 Ba7 46. g4 fxg4
47. Bxg4+ Kd6 48. Kd3 Kd5 49. Bf3+ Kd6 50. Ke4 Bb6 51. Be2 Ke6 52. Bc4+ Kf6 53.
Bd3 Ke6 54. f5+ Kf6 55. Kd5 Kg5 56. Ke6 Bd8 57. Be2 1-0

[Event "M.Botvinnik Memorial 2012"]
[Site "St. Petersburg, Russia"]
[Date "2012.08.27"]
[Round "3.56"]
[White "Yakupova, Aysyla"]
[Black "Molchanova, Tatjana"]
[Result "1/2-1/2"]
[WhiteElo "2116"]
[BlackElo "2318"]
[PlyCount "80"]
[EventDate "2012.08.25"]

1. e4 c6 2. Nc3 d5 3. Nf3 Bg4 4. h3 Bxf3 5. Qxf3 e6 6. d3 Nd7 7. Bd2 Ngf6 8. g3
Qb6 9. Rb1 Bb4 10. Qe2 dxe4 11. dxe4 e5 12. Bg2 Nf8 13. O-O Ne6 14. Be3 Qc7 15.
Rbd1 O-O 16. f4 Bc5 17. Bxc5 Nxc5 18. fxe5 Nfd7 19. Qe3 Ne6 20. h4 Nxe5 21. b3
Ng4 22. Qf3 h5 23. Bh3 f5 24. exf5 Rxf5 25. Qg2 Raf8 26. Rxf5 Rxf5 27. Bxg4
hxg4 28. Rf1 Nd4 29. Rxf5 Nxf5 30. Ne2 Qe5 31. Qf2 g6 32. Nf4 Kg7 33. Qe2 Qc3
34. Qxg4 Qe1+ 35. Kh2 Qf2+ 36. Kh3 Qf1+ 37. Kh2 Qf2+ 38. Kh3 Qf1+ 39. Kh2 Qf2+
40. Kh3 Qf1+ 1/2-1/2

[Event "M.Botvinnik Memorial 2012"]
[Site "St. Petersburg, Russia"]
[Date "2012.08.27"]
[Round "3.57"]
[White "Polyaninov, Aleksey"]
[Black "Emdin, Mark"]
[Result "1/2-1/2"]
[WhiteElo "2316"]
[BlackElo "2109"]
[PlyCount "65"]
[EventDate "2012.08.25"]

1. Nf3 d5 2. g3 Nf6 3. Bg2 e6 4. O-O Be7 5. d3 b6 6. c4 c6 7. b3 Bb7 8. Bb2 O-O
9. Nbd2 c5 10. e3 Nc6 11. a3 Qc7 12. Rc1 Rac8 13. Qc2 Qb8 14. Rfe1 Rfe8 15. Qb1
Red8 16. Qa1 Ne8 17. d4 cxd4 18. exd4 dxc4 19. bxc4 Qa8 20. Bf1 Bf6 21. Re3 Ne7
22. Ne5 Nf5 23. Ree1 Ned6 24. c5 Bxe5 25. dxe5 Ne4 26. Nxe4 Bxe4 27. cxb6 axb6
28. Rxc8 Rxc8 29. Rc1 Rd8 30. Rd1 Rc8 31. Rc1 Rd8 32. Rd1 Rc8 33. Rc1 1/2-1/2

[Event "M.Botvinnik Memorial 2012"]
[Site "St. Petersburg, Russia"]
[Date "2012.08.27"]
[Round "3.58"]
[White "Bazeev, German"]
[Black "Ivanov, Sergei V"]
[Result "1-0"]
[WhiteElo "2308"]
[BlackElo "2108"]
[PlyCount "61"]
[EventDate "2012.08.25"]

1. d4 Nf6 2. c4 g6 3. Nc3 Bg7 4. e4 d6 5. f4 c5 6. d5 O-O 7. Nf3 Na6 8. Be2 Nc7
9. O-O Bd7 10. Re1 Rb8 11. a4 a6 12. a5 b5 13. axb6 Rxb6 14. e5 Nfe8 15. Na4
Rb4 16. b3 Qb8 17. Ra3 Na8 18. Bd2 dxe5 19. Nxc5 Qb6 20. Bxb4 Qxb4 21. Nxd7
Qxa3 22. Nxf8 exf4 23. Nd7 Qd6 24. Nfe5 Bxe5 25. Nxe5 Qxe5 26. Bf3 Qc7 27. Qd4
Ng7 28. d6 Qd8 29. Qa7 Nb6 30. Qxe7 Qc8 31. Qc7 1-0

[Event "M.Botvinnik Memorial 2012"]
[Site "St. Petersburg, Russia"]
[Date "2012.08.27"]
[Round "3.59"]
[White "Poltoratsky, Daniil"]
[Black "Myshkin, Nikita"]
[Result "0-1"]
[WhiteElo "2109"]
[BlackElo "2299"]
[PlyCount "90"]
[EventDate "2012.08.25"]

1. d4 Nf6 2. Nf3 e6 3. Bg5 c5 4. c3 cxd4 5. Nxd4 d5 6. e3 Nc6 7. Nd2 Be7 8. f4
h6 9. Bxf6 Bxf6 10. Bd3 e5 11. fxe5 Nxe5 12. N2f3 O-O 13. Nxe5 Bxe5 14. Qh5 Qg5
15. Qxg5 hxg5 16. O-O-O Re8 17. Bb5 Re7 18. Nf3 Bf6 19. Rxd5 Be6 20. Rd6 g4 21.
Nd2 Bxa2 22. Bc4 Bxc4 23. Nxc4 Re4 24. Na5 b6 25. Nc6 Rxe3 26. Kc2 Re2+ 27. Rd2
Rae8 28. Nd4 Bxd4 29. cxd4 f5 30. Rf1 g6 31. b4 Rc8+ 32. Kd3 Rxd2+ 33. Kxd2 Rc4
34. Kd3 Rxb4 35. Re1 Kf7 36. Kc3 a5 37. d5 Re4 38. Rb1 Rb4 39. Re1 b5 40. g3
Rc4+ 41. Kd3 a4 42. Rb1 a3 43. Rxb5 Ra4 44. Rb1 a2 45. Ra1 Ke7 0-1

[Event "M.Botvinnik Memorial 2012"]
[Site "St. Petersburg, Russia"]
[Date "2012.08.27"]
[Round "3.60"]
[White "Khakimov, Timur"]
[Black "Zarivkina, Victorya"]
[Result "1-0"]
[WhiteElo "2298"]
[BlackElo "2072"]
[PlyCount "69"]
[EventDate "2012.08.25"]

1. e4 c5 2. Nf3 d6 3. d4 cxd4 4. Nxd4 Nf6 5. Nc3 a6 6. h3 e5 7. Nde2 Be6 8. g4
d5 9. exd5 Nxd5 10. Bg2 Nxc3 11. Qxd8+ Kxd8 12. Nxc3 Nc6 13. Be3 Kc7 14. Nd5+
Bxd5 15. Bxd5 f6 16. O-O-O Be7 17. c3 Rad8 18. Rd2 Rd7 19. Rhd1 Rhd8 20. Be6
Rxd2 21. Rxd2 Rxd2 22. Kxd2 Kd6 23. Bg8 h6 24. Kd3 Bd8 25. Ke4 Ne7 26. Bf7 Kc6
27. f4 exf4 28. Bxf4 Bc7 29. Be8+ Kc5 30. Bxc7 g6 31. Bd7 b5 32. Bd8 Nd5 33.
Be6 f5+ 34. gxf5 gxf5+ 35. Kf3 1-0